Alle Länder der Welt Quiz - Statistiken

Allgemein
  • Dieses Quiz wurde 91 mal gespielt
  • Das Durchschnittsergebnis liegt bei 98 aus 254
Antwortstatistiken
Hint Hint Hint Land % Korrekt
al 425.5 124 Albanien
89%
de 404 89.9 Deutschland
89%
pt 361.7 127.6 Portugal
89%
be 391 91 Belgien
87%
by 443.4 81.2 Belarus
84%
ba 421 113 Bosnien und Herzegowina
84%
fr 386 105 Frankreich
84%
hr 418 108 Kroatien
84%
ru 577 52 Russland
84%
se 414.3 60.5 Schweden
84%
es 372 127.5 Spanien
84%
cz 414 93.8 Tschechien
84%
dk 401.5 73.5 Dänemark
82%
ee 439 64.8 Estland
82%
no 401.7 57 Norwegen
82%
ch 398.4 103.5 Schweiz
82%
si 413 106.5 Slowenien
82%
fi 437 52 Finnland
79%
ie 363 82.5 Irland
79%
is 341 43 Island
79%
it 416.4 124.2 Italien
79%
lv 438 70.6 Lettland
79%
lt 434.3 76.3 Litauen
79%
at 414.2 100.9 Österreich
79%
pl 423.6 87.1 Polen
79%
ad 384 118.7 Andorra
76%
nl 393 86.9 Niederlande
76%
rs 427.6 113 Serbien
76%
gr 430 129 Griechenland
74%
lu 394.3 94.2 Luxemburg
74%
sk 423 98 Slowakei
74%
ua 450.6 96 Ukraine
74%
hu 424.4 103.1 Ungarn
71%
va 408.5 120.7 Vatikanstadt
71%
li 402 103.1 Liechtenstein
68%
ro 436.7 107.1 Rumänien
68%
tr 460.3 130.6 Türkei
68%
bg 437.8 117.9 Bulgarien
66%
mc 397.2 114.5 Monaco
66%
me 423.7 117.8 Montenegro
66%
mk 429.5 121.7 Nordmazedonien
66%
cn 615 140.9 China
63%
jp 693.3 140 Japan
63%
cy 455.3 143.7 Zypern
63%
am 480.5 125 Armenien
61%
au 683 342 Australien
61%
in 556 185.9 Indien
61%
ca 143 66 Kanada
61%
ma 366 153.5 Marokko
61%
md 444.4 102 Moldawien
61%
kp 665.7 127 Nordkorea
61%
sm 408.5 113.9 San Marino
61%
kr 669 139 Südkorea
61%
us 153 129 Vereinigte Staaten
61%
dz 384.2 167.2 Algerien
58%
xk 427.5 118.5 Kosovo
58%
mt 412.9 141.1 Malta
58%
nz 776.7 391.9 Neuseeland
58%
ne 403.3 203.9 Niger
58%
eg 447 171.3 Ägypten
55%
cl 218 384 Chile
55%
iq 478.8 149.9 Irak
55%
mx 151 182 Mexiko
55%
za 431 365 Südafrika
55%
gb 377 86 Vereinigtes Königreich
55%
ar 234 373 Argentinien
53%
br 266 294 Brasilien
53%
cd 433 267.2 Demokratische Republik Kongo
53%
ir 501.3 152.5 Iran
53%
il 459 157 Israel
53%
kz 533 100 Kasachstan
53%
ng 398 230.8 Nigeria
53%
cg 416.9 260.5 Republik Kongo
53%
sd 448.5 209.5 Sudan
53%
th 608 207.9 Thailand
53%
az 487.6 125 Aserbaidschan
50%
ye 488.3 208.2 Jemen
50%
ke 465.8 259.9 Kenia
50%
pe 208 292 Peru
50%
ss 449.6 239.5 Südsudan
50%
af 528 149.2 Afghanistan
47%
id 635.5 264 Indonesien
47%
co 216.3 247.5 Kolumbien
47%
ly 419.3 172.9 Libyen
47%
sa 482.1 179.9 Saudi-Arabien
47%
ae 502 182.5 Vereinigte Arabische Emirate
47%
gh 378.2 234.5 Ghana
45%
ht 218 196 Haiti
45%
cm 407 247 Kamerun
45%
mu 510.1 329.1 Mauritius
45%
na 418 328 Namibia
45%
pa 198 232.5 Panama
45%
py 248.9 339.7 Paraguay
45%
ph 657 220.6 Philippinen
45%
sy 467 143 Syrien
45%
uy 254.9 370.2 Uruguay
45%
uz 525 122.5 Usbekistan
45%
ao 420 301.2 Angola
42%
et 470 234.2 Äthiopien
42%
bd 583 181.8 Bangladesch
42%
bt 584.1 169.4 Bhutan
42%
bo 236 319 Bolivien
42%
dj 476.4 221.6 Dschibuti
42%
ci 368 235.9 Elfenbeinküste
42%
ge 479 120 Georgien
42%
qa 495.7 176.2 Katar
42%
la 610.3 194.9 Laos
42%
mr 354 195.5 Mauretanien
42%
mn 614.2 104.1 Mongolei
42%
om 509.33 187.2 Oman
42%
td 422.6 209.4 Tschad
42%
tn 401 148 Tunesien
42%
vn 624.3 219.9 Vietnam
42%
er 466.3 209.2 Eritrea
39%
fj 782.9 320.1 Fidschi
39%
kh 616 219.1 Kambodscha
39%
ls 444 360.5 Lesotho
39%
lb 461.7 146.8 Libanon
39%
mg 486 324.3 Madagaskar
39%
ml 377 202.2 Mali
39%
np 569.8 166.5 Nepal
39%
tz 459.1 282.5 Tansania
39%
ve 232 235 Venezuela
39%
cr 192 228 Costa Rica
37%
do 221 197 Dominikanische Republik
37%
ec 204 265.5 Ecuador
37%
gm 344 216 Gambia
37%
gn 353.3 224.2 Guinea
37%
jm 206 200.2 Jamaika
37%
mz 467 309.5 Mosambik
37%
pk 535.7 164.2 Pakistan
37%
sc 506.5 276 Seychellen
37%
sg 614.2 256.7 Singapur
37%
so 488 230 Somalia
37%
lc 243.2 214.6 St. Lucia
37%
tg 383 232.4 Togo
37%
ug 453.1 256.6 Uganda
37%
vu 759 318.6 Vanuatu
37%
bz 180.9 203.6 Belize
34%
bn 638.6 246.1 Brunei
34%
bi 447.8 272.6 Burundi
34%
sz 451.3 350.1 Eswatini
34%
kg 548 122 Kirgisistan
34%
cu 206 190.2 Kuba
34%
lr 359.2 239.6 Liberia
34%
mm 597 188.5 Myanmar
34%
lk 562 235.3 Sri Lanka
34%
sr 254.4 248.1 Suriname
34%
tj 545.2 133.5 Tadschikistan
34%
tw 652.9 182.1 Taiwan
34%
tm 513 130.6 Turkmenistan
34%
bs 209 180.9 Bahamas
32%
bj 385.7 225 Benin
32%
bf 377 219 Burkina Faso
32%
sv 180.4 215 El Salvador
32%
England
32%
gt 177.4 210 Guatemala
32%
gw 347.7 220.3 Guinea-Bissau
32%
hn 184.5 210.7 Honduras
32%
jo 462.3 158.9 Jordanien
32%
ki 21 272 Kiribati
32%
km 479.4 301.4 Komoren
32%
kw 487 162.9 Kuwait
32%
my 610.3 247.2 Malaysia
32%
tl 664.3 290.8 Osttimor
32%
zm 438 310 Sambia
32%
sn 347 212 Senegal
32%
bw 435 336.1 Botswana
29%
fm 717.7 235.2 Föderierte Staaten von Mikronesien
29%
ga 406.5 264 Gabun
29%
gd 241.6 220.6 Grenada
29%
mh 760.6 232.2 Marshallinseln
29%
pw 680.5 241.3 Palau
29%
sl 354 232.9 Sierra Leone
29%
vc 242.7 216.8 St. Vincent und die Grenadinen
29%
to 798.1 328.7 Tonga
29%
tt 242.5 226.6 Trinidad und Tobago
29%
gq 404 255.8 Äquatorial-Guinea
26%
bh 494.3 174 Bahrain
26%
dm 242.4 209.5 Dominica
26%
gy 248 242 Guyana
26%
mv 545.9 248.9 Malediven
26%
nr 755 264 Nauru
26%
ni 188.2 218.1 Nicaragua
26%
Palästina
26%
pg 703.7 282.4 Papua-Neuguinea
26%
rw 447.8 267.7 Ruanda
26%
ws 802.8 307.7 Samoa
26%
st 395.5 260.6 São Tomé und Príncipe
26%
Schottland
26%
zw 447 325 Simbabwe
26%
ag 241.4 204 Antigua und Barbuda
24%
Grönland
24%
cv 326.7 206.9 Kap Verde
24%
kn 239.4 203.4 St. Kitts und Nevis
24%
cf 427.6 239 Zentralafrikanische Republik
24%
bb 246.5 217 Barbados
21%
sb 742.1 295 Salomonen
21%
tv 785 295.3 Tuvalu
21%
Wales
21%
mw 456 307 Malawi
18%
Nordirland
18%
Antarktis
16%
Cookinseln
13%
Amerikanische Jungferninsel
8%
Amerikanisch-Samoa
8%
Britische Jungferninsel
8%
Französisch-Polynesien
8%
Gibraltar
8%
Åland
5%
Britisches Territorium im Indischen Ozean
5%
Curaçao
5%
Falklandinseln
5%
fa Färöer
5%
Französische Süd- und Antarktisgebiete
5%
Guernsey
5%
Hongkong
5%
Isle of Man
5%
Jersey
5%
Neukaledonien
5%
Nördliche Marianen
5%
Pitcairninseln
5%
Réunion
5%
St. Maarten
5%
St. Martin
5%
Westsahara
5%
Aruba
3%
Bermuda
3%
Guam
3%
Kokosinseln
3%
Macau
3%
Martinique
3%
Mayotte
3%
Niue
3%
Norfolkinsel
3%
Puerto Rico
3%
St. Barthélemy
3%
Tokelau
3%
Anguilla
0%
Bonaire
0%
Britisches Antarktis-Territorium
0%
Cayman Islands
0%
Französisch-Guayana
0%
Guadeloupe
0%
Montserrat
0%
Niederländische Antillen
0%
Saba
0%
St. Eustatius
0%
St. Helena
0%
St.-Pierre und Miquelon
0%
Südgeorgien und die Südlichen Sandwichinseln
0%
Turks- und Caicosinseln
0%
Wallis und Futuna
0%
Weihnachtsinsel
0%
Keine übereinstimmenden Quizze gefunden
Verteilung der Resultate
Anzahl Personen mit jedem Resultat
Perzentil nach korrekt beantworteten Fragen
Ihre Resultats-Entwicklung
Sie haben dieses Quiz noch nicht gespielt